[Event "2nd League CS-West 2009"]
[Site "?"]
[Date "2009.10.09"]
[Round "7.1"]
[White "Pavlovic, Dejan S"]
[Black "Marcetic, Predrag"]
[Result "1/2-1/2"]
[WhiteElo "2416"]
[BlackElo "2199"]
[PlyCount "83"]
[EventDate "2009.09.06"]

1. e4 d5 2. exd5 Nf6 3. d4 Nxd5 4. Nf3 c6 5. Bd3 Bg4 6. O-O e6 7. c4 Nb4 8. Be2
Bf5 9. Na3 Be7 10. Qb3 a5 11. Bf4 a4 12. Qc3 O-O 13. Rfd1 Nd7 14. Ne5 Nxe5 15.
Bxe5 f6 16. Bg3 b6 17. Bf3 Re8 18. Rd2 Qc8 19. h3 Ra7 20. Nb1 Nxa2 21. Rxa2
Bxb1 22. Ra1 Bf5 23. b3 a3 24. c5 bxc5 25. dxc5 e5 26. b4 Qb7 27. Rxa3 Rxa3 28.
Qxa3 Rb8 29. Rb2 Bxc5 30. Qa2+ Kf8 31. b5 Qa7 32. Qxa7 Bxa7 33. Bxc6 Ke7 34.
Rd2 Rd8 35. Rb2 Bb6 36. Kh2 g5 37. f3 Rd1 38. Bf2 Bxf2 39. Rxf2 Bd7 40. Rc2 Rd6
41. Rc5 h5 42. h4 1/2-1/2

[Event "2nd League CS-West 2009"]
[Site "?"]
[Date "2009.10.09"]
[Round "7.1"]
[White "Dolovic, Dusko"]
[Black "Cubrakovic, Velibor"]
[Result "1-0"]
[WhiteElo "2197"]
[BlackElo "2230"]
[PlyCount "105"]
[EventDate "2009.09.06"]

1. Nf3 Nf6 2. d4 g6 3. g3 Bg7 4. Bg2 O-O 5. O-O d6 6. c4 c6 7. Nc3 Na6 8. e4
Bd7 9. h3 Ne8 10. Bf4 Nac7 11. Qd2 b5 12. cxb5 cxb5 13. Bh6 Rc8 14. d5 f6 15.
Bxg7 Nxg7 16. Qe3 b4 17. Ne2 Nb5 18. Qd2 a5 19. Nfd4 Qb6 20. Rac1 e5 21. dxe6
Nxe6 22. Nxb5 Bxb5 23. Rfd1 Bxe2 24. Qxe2 Nc5 25. Qe3 Kg7 26. Kh2 a4 27. Rd5
Qb8 28. Rcd1 Rc6 29. R5d2 Rb6 30. h4 Re8 31. Qf4 Re5 32. Rd5 Qc7 33. f3 Qe7 34.
Bh3 a3 35. b3 Rc6 36. Qd2 Rb6 37. Rd4 f5 38. Rxb4 Rxb4 39. Qxb4 fxe4 40. f4 Rh5
41. Qd4+ Kf7 42. Bg4 Rxh4+ 43. gxh4 Qxh4+ 44. Bh3 Qxf4+ 45. Kg1 Qg3+ 46. Bg2
Ke6 47. b4 Nd3 48. Qxe4+ Ne5 49. Qd5+ Kf6 50. Rf1+ Kg5 51. Qd2+ Kh5 52. Qf4 Qc3
53. Qf3+ 1-0

[Event "2nd League CS-West 2009"]
[Site "?"]
[Date "2009.10.09"]
[Round "7.1"]
[White "Bosiljcic, Zoran"]
[Black "Vasic, Vladimir"]
[Result "1/2-1/2"]
[WhiteElo "2181"]
[BlackElo "2180"]
[PlyCount "38"]
[EventDate "2009.09.06"]

1. e4 e5 2. Nf3 Nc6 3. Bb5 f5 4. d3 fxe4 5. dxe4 Nf6 6. O-O d6 7. Nc3 Bg4 8. h3
Bh5 9. Be2 Be7 10. Ng5 Bxe2 11. Qxe2 Qd7 12. Qc4 Nd8 13. f4 h6 14. Nf3 Qc6 15.
Qxc6+ Nxc6 16. Nd5 O-O-O 17. fxe5 Nxd5 18. exd5 Nxe5 19. Nxe5 dxe5 1/2-1/2

[Event "2nd League CS-West 2009"]
[Site "?"]
[Date "2009.10.09"]
[Round "7.1"]
[White "Obradovic, Vasilije"]
[Black "Bezarevic, Branko"]
[Result "0-1"]
[WhiteElo "2089"]
[BlackElo "2194"]
[PlyCount "79"]
[EventDate "2009.09.06"]

1. d4 Nf6 2. c4 e6 3. Bg5 d5 4. e3 Be7 5. Nf3 Nbd7 6. Nc3 h6 7. Bf4 O-O 8. h3
c5 9. cxd5 exd5 10. Be2 b6 11. O-O Bb7 12. Rc1 a6 13. dxc5 bxc5 14. Qc2 Rc8 15.
Rfd1 Qa5 16. Rd2 Rfd8 17. Rcd1 Nf8 18. Be5 N8d7 19. Bh2 Nf8 20. Ne5 Ne6 21. Bf3
Ba8 22. Nxd5 Nxd5 23. Nc4 Qxa2 24. Bxd5 Nd4 25. Bxf7+ Kxf7 26. exd4 cxd4 27.
Ne5+ Kg8 28. Qd3 Qd5 29. f3 a5 30. Bg3 Bd6 31. f4 Rb8 32. Kh2 Bxe5 33. fxe5 Rb4
34. Qg6 Qf7 35. Qa6 Qd5 36. Re1 Re8 37. e6 Bb7 38. Qe2 Re7 39. Qg4 d3 40. Re5
0-1

[Event "2nd League CS-West 2009"]
[Site "?"]
[Date "2009.10.09"]
[Round "7.2"]
[White "Raicevic, Momcilo"]
[Black "Colovic, Dusan"]
[Result "0-1"]
[WhiteElo "2362"]
[BlackElo "2380"]
[PlyCount "88"]
[EventDate "2009.09.06"]

1. c4 d6 2. g3 e5 3. Bg2 f5 4. Nc3 Nf6 5. e3 Be7 6. Nge2 O-O 7. d4 e4 8. O-O c6
9. f3 exf3 10. Bxf3 Na6 11. Rb1 Nc7 12. d5 c5 13. Nf4 Nd7 14. Nd3 Bf6 15. Ne2
Ne5 16. Nxe5 Bxe5 17. Nf4 Rb8 18. Bd2 b5 19. cxb5 Rxb5 20. Qc2 Qe7 21. a4 Rb8
22. b4 cxb4 23. Bxb4 Na6 24. Nd3 Bf6 25. Rfe1 Bd7 26. Qc4 Rb6 27. Bd2 Rc8 28.
Qa2 Nc5 29. Nxc5 Rxc5 30. a5 Rbb5 31. Be2 Rxb1 32. Qxb1 Bc3 33. Bxc3 Qxe3+ 34.
Kf1 Rxc3 35. Qb8+ Qe8 36. Qxd6 Re3 37. Kf2 g5 38. Bh5 Qxh5 39. Kxe3 f4+ 40.
gxf4 Qh3+ 41. Kd4 Qxh2 42. Qxd7 Qd2+ 43. Kc5 Qxa5+ 44. Kc6 Qb6# 0-1

[Event "2nd League CS-West 2009"]
[Site "?"]
[Date "2009.10.09"]
[Round "7.2"]
[White "Tasic, Vladimir"]
[Black "Jovanovic, Nenad R"]
[Result "1/2-1/2"]
[WhiteElo "2258"]
[BlackElo "2324"]
[PlyCount "47"]
[EventDate "2009.09.06"]

1. f4 d5 2. Nf3 g6 3. e3 Bg7 4. d4 Bg4 5. c4 Bxf3 6. Qxf3 e6 7. Nc3 c6 8. Bd2
Nd7 9. Rc1 Ngf6 10. g4 Ne4 11. Nxe4 dxe4 12. Qf2 f5 13. h3 O-O 14. c5 Nf6 15.
Bc4 Nd5 16. g5 Kf7 17. h4 b5 18. Be2 a5 19. h5 Rh8 20. a3 a4 21. Kf1 Ra7 22.
Bc3 Qb8 23. Rh3 Rd8 24. Rh4 1/2-1/2

[Event "2nd League CS-West 2009"]
[Site "?"]
[Date "2009.10.09"]
[Round "7.2"]
[White "Lukic, Dragan M"]
[Black "Smailovic, Ramiz"]
[Result "1-0"]
[WhiteElo "2258"]
[BlackElo "2149"]
[PlyCount "57"]
[EventDate "2009.09.06"]

1. e4 e5 2. Nf3 Nc6 3. Bb5 a6 4. Ba4 Nf6 5. O-O b5 6. Bb3 Nxe4 7. d4 d5 8. dxe5
Be6 9. c3 Be7 10. Nbd2 Nc5 11. Bc2 Qd7 12. Nb3 Nxb3 13. Bxb3 Na5 14. Bc2 c5 15.
Ng5 Bf5 16. Bxf5 Qxf5 17. Qxd5 Rd8 18. Qe4 Qxe4 19. Nxe4 O-O 20. Be3 Rd5 21. f4
Nc4 22. Bc1 Rfd8 23. b3 Na5 24. Be3 f6 25. b4 cxb4 26. Bb6 Rc8 27. Bxa5 f5 28.
Nd6 Ra8 29. Bxb4 1-0

[Event "2nd League CS-West 2009"]
[Site "?"]
[Date "2009.10.09"]
[Round "7.2"]
[White "Zecevic, Igor"]
[Black "Palosevic, Abidin"]
[Result "0-1"]
[WhiteElo "1862"]
[BlackElo "2203"]
[PlyCount "104"]
[EventDate "2009.09.06"]

1. d4 Nf6 2. c4 g6 3. Nc3 Bg7 4. e4 d6 5. Bg5 c5 6. d5 e6 7. dxe6 Bxe6 8. Nb5
O-O 9. e5 dxe5 10. Qxd8 Rxd8 11. Nc7 Nc6 12. Nxa8 Rxa8 13. Nf3 e4 14. Nd2 Nb4
15. O-O-O Bf5 16. a3 e3 17. axb4 exd2+ 18. Bxd2 Ng4 19. Be3 Nxe3 20. fxe3 Bh6
21. Bd3 Bg4 22. Rde1 cxb4 23. Kc2 Rc8 24. Kb3 a5 25. Be4 Rc7 26. Bd5 Bf8 27.
Rhf1 Kg7 28. h3 Bc8 29. e4 Bc5 30. e5 Re7 31. Re2 Bf5 32. Rfe1 b5 33. cxb5 Bd3
34. Rd2 Bxb5 35. e6 a4+ 36. Kc2 b3+ 37. Kc3 Rc7 38. Bc4 Bxc4 39. Rd7 Rc8 40. e7
Bb5 41. Rd8 Rc7 42. e8=N+ Bxe8 43. Rdxe8 Bf2+ 44. Kb4 Bxe1+ 45. Rxe1 Rc2 46.
Kxa4 Rxb2 47. g4 Rh2 48. Kxb3 Rxh3+ 49. Kc2 Rg3 50. Re4 Kf6 51. Rf4+ Kg5 52.
Rxf7 h6 0-1

[Event "2nd League CS-West 2009"]
[Site "?"]
[Date "2009.10.09"]
[Round "7.2"]
[White "Nesic, Dragisa"]
[Black "Vuckovic, Danilo"]
[Result "1-0"]
[WhiteElo "2135"]
[BlackElo "1653"]
[PlyCount "63"]
[EventDate "2009.09.06"]

1. Nf3 c5 2. b3 Nf6 3. Bb2 g6 4. g3 Bg7 5. Bg2 O-O 6. O-O d5 7. c4 e6 8. cxd5
exd5 9. d4 Ne4 10. Qc1 Na6 11. dxc5 Naxc5 12. Bxg7 Kxg7 13. Nc3 Be6 14. Nb5 Qb6
15. Nbd4 Rac8 16. Qf4 Qd6 17. Qe3 a6 18. Rac1 b5 19. Rfd1 b4 20. Ng5 Nc3 21.
Rd2 h6 22. Ngxe6+ Nxe6 23. Bh3 Ne4 24. Rxc8 Rxc8 25. Nxe6+ fxe6 26. Qxe4 Rc6
27. Qd4+ Kh7 28. e4 Rc5 29. Qf6 Rc7 30. Qxe6 Qc5 31. Rxd5 Qa7 32. Rd7+ 1-0

[Event "2nd League CS-West 2009"]
[Site "?"]
[Date "2009.10.09"]
[Round "7.2"]
[White "Vasilic, Mihailo"]
[Black "Ristovic, Radovan"]
[Result "1/2-1/2"]
[WhiteElo "2033"]
[BlackElo "2120"]
[PlyCount "38"]
[EventDate "2009.09.06"]

1. e4 e5 2. Nf3 Nc6 3. d4 exd4 4. Nxd4 Nf6 5. Nc3 Bb4 6. Nxc6 bxc6 7. Bd3 d5 8.
O-O Bxc3 9. bxc3 dxe4 10. Qe2 O-O 11. Bxe4 Nxe4 12. Qxe4 Qd5 13. Qf4 Bf5 14. c4
Qe4 15. c3 Qxf4 16. Bxf4 Bd3 17. Rfd1 Bxc4 18. Bxc7 Rfe8 19. a3 Rac8 1/2-1/2

[Event "2nd League CS-West 2009"]
[Site "?"]
[Date "2009.10.09"]
[Round "7.3"]
[White "Kostic, Vladimir G"]
[Black "Grubisic, Ilija"]
[Result "0-1"]
[WhiteElo "2430"]
[BlackElo "2291"]
[PlyCount "72"]
[EventDate "2009.09.06"]

1. e4 e6 2. d4 d5 3. Nd2 Nc6 4. Ngf3 Nf6 5. e5 Nd7 6. c4 dxc4 7. Nxc4 Nb6 8. a3
Ne7 9. Ne3 Bd7 10. Be2 Bc6 11. O-O Ng6 12. g3 Qd7 13. Ng2 O-O-O 14. Be3 Nd5 15.
Bd2 h5 16. h4 Nge7 17. Qc2 Nf5 18. Rfd1 Nde7 19. Bc3 g6 20. Ng5 Nd5 21. Be1 Bh6
22. Ne4 f6 23. exf6 Qf7 24. Bc3 Rdg8 25. b4 g5 26. b5 Bd7 27. Bd2 gxh4 28. Bxh6
Rxh6 29. Nxh4 Kd8 30. Nxf5 exf5 31. Nc5 h4 32. g4 fxg4 33. Bc4 Rxf6 34. Qe4 Rd6
35. Nxd7 Qxd7 36. Re1 g3 0-1

[Event "2nd League CS-West 2009"]
[Site "?"]
[Date "2009.10.09"]
[Round "7.3"]
[White "Milosevic, Zoran"]
[Black "Ilic, Dragan M"]
[Result "1/2-1/2"]
[WhiteElo "2302"]
[BlackElo "2360"]
[PlyCount "25"]
[EventDate "2009.09.06"]

1. d4 f5 2. Nf3 Nf6 3. c4 e6 4. Nc3 d5 5. Bf4 c6 6. e3 Bd6 7. Bxd6 Qxd6 8. Ne5
Nbd7 9. f4 O-O 10. Bd3 Qb4 11. Qb3 a5 12. O-O Nxe5 13. fxe5 1/2-1/2

[Event "2nd League CS-West 2009"]
[Site "?"]
[Date "2009.10.09"]
[Round "7.3"]
[White "Tojagic, Dane"]
[Black "Bojanic, Bratislav"]
[Result "1/2-1/2"]
[WhiteElo "2282"]
[BlackElo "2241"]
[PlyCount "47"]
[EventDate "2009.09.06"]

1. d4 Nf6 2. c4 c5 3. Nf3 g6 4. Nc3 Bg7 5. e4 cxd4 6. Nxd4 Nc6 7. Be3 Ng4 8.
Qxg4 Nxd4 9. Qd1 Nc6 10. Qd2 d6 11. Be2 Qa5 12. Rc1 Be6 13. O-O O-O 14. Rfd1
Rac8 15. b3 a6 16. Nd5 Qxd2 17. Rxd2 Bxd5 18. exd5 Ne5 19. Rdc2 f5 20. f4 Nd7
21. b4 b6 22. Kf1 a5 23. a3 axb4 24. axb4 1/2-1/2

[Event "2nd League CS-West 2009"]
[Site "?"]
[Date "2009.10.09"]
[Round "7.3"]
[White "Drcelic, Sreten"]
[Black "Zivkovic, Vladislav"]
[Result "1-0"]
[WhiteElo "2223"]
[BlackElo "2228"]
[PlyCount "77"]
[EventDate "2009.09.06"]

1. e4 c6 2. d3 d5 3. Nd2 dxe4 4. dxe4 e5 5. Ngf3 Bc5 6. Be2 Be6 7. O-O f6 8. c3
a5 9. Qc2 Ne7 10. Nc4 O-O 11. Be3 Bxe3 12. Nxe3 Na6 13. a3 Nc5 14. b4 Nd7 15.
c4 Qc7 16. Qc3 Rfd8 17. Rfc1 axb4 18. axb4 Rxa1 19. Rxa1 Nf8 20. c5 Nc8 21. g3
Bf7 22. Nf5 Kh8 23. Bc4 g6 24. Ne3 Bxc4 25. Nxc4 Ne6 26. Ra8 Kg7 27. Kg2 Nd4
28. Ncd2 Nxf3 29. Nxf3 Ne7 30. Ra2 g5 31. Nd2 Rd4 32. Nc4 Nc8 33. Ra8 Qd7 34.
Qc2 Qe6 35. Ne3 Rxb4 36. Nf5+ Kg6 37. Rxc8 Qc4 38. Rg8+ Kf7 39. Nd6+ 1-0

[Event "2nd League CS-West 2009"]
[Site "?"]
[Date "2009.10.09"]
[Round "7.3"]
[White "Novakovic, Slobodan"]
[Black "Sredojevic, Srdjan"]
[Result "1-0"]
[WhiteElo "2208"]
[BlackElo "2153"]
[PlyCount "111"]
[EventDate "2009.09.06"]

1. c4 c6 2. e4 d5 3. cxd5 cxd5 4. exd5 Qxd5 5. Nf3 Nf6 6. Nc3 Qa5 7. d4 e6 8.
Bc4 a6 9. O-O b5 10. Bb3 b4 11. Ne2 Bd6 12. Ng3 Bb7 13. Qe2 O-O 14. Rd1 Bd5 15.
Bc2 Rc8 16. Bd3 Nbd7 17. Ne5 Bf8 18. Nc4 Qc7 19. b3 a5 20. Bb2 a4 21. Rac1 axb3
22. axb3 Qb7 23. f3 Ne8 24. Ne4 h6 25. Bb1 g6 26. h4 Ndf6 27. g4 Qb8 28. Qh2
Qxh2+ 29. Kxh2 Bxe4 30. fxe4 Nxg4+ 31. Kg3 h5 32. d5 exd5 33. exd5 Nd6 34. Nb6
Rxc1 35. Rxc1 Re8 36. Bd4 Nb5 37. Bg1 Nc3 38. Bd3 Ne5 39. Bf1 Ne4+ 40. Kg2 Nd2
41. Bb5 Rd8 42. Ba4 Ndf3 43. Bf2 Be7 44. Rc7 Nxh4+ 45. Kh3 Nf5 46. Bc6 Nd3 47.
Bg1 Nf4+ 48. Kh2 Bd6 49. Rb7 Nxd5+ 50. Kg2 Nf4+ 51. Kf3 Nh4+ 52. Ke4 g5 53. Bd4
Ne6 54. Bf2 f5+ 55. Kd5 Bc5+ 56. Kxe6 1-0

[Event "2nd League CS-West 2009"]
[Site "?"]
[Date "2009.10.09"]
[Round "7.5"]
[White "Milosevic, Boban"]
[Black "Zenunovic, Hafiz"]
[Result "1-0"]
[WhiteElo "2271"]
[BlackElo "2046"]
[PlyCount "47"]
[EventDate "2009.09.06"]

1. e4 e5 2. Nf3 Nc6 3. Bc4 Be7 4. O-O Nf6 5. Re1 O-O 6. d3 d6 7. c3 a6 8. a4
Re8 9. Nbd2 h6 10. Nf1 Na5 11. Ba2 Bd7 12. Ng3 b5 13. axb5 axb5 14. b4 Nb7 15.
d4 exd4 16. cxd4 c6 17. Bd2 Ra4 18. Bb3 Rxa1 19. Qxa1 Bg4 20. Qa2 Rf8 21. e5
Nh7 22. e6 d5 23. exf7+ Kh8 24. Ne5 1-0

[Event "2nd League CS-West 2009"]
[Site "?"]
[Date "2009.10.09"]
[Round "7.5"]
[White "Rizovic, Sefcet"]
[Black "Rancic, Zoran"]
[Result "1-0"]
[WhiteElo "2012"]
[BlackElo "2219"]
[PlyCount "141"]
[EventDate "2009.09.06"]

1. e4 c5 2. Nf3 d6 3. Nc3 Nf6 4. Be2 e5 5. O-O Be7 6. h3 h6 7. Bc4 O-O 8. d3 g5
9. Be3 Be6 10. Qd2 Nc6 11. Bxg5 hxg5 12. Qxg5+ Kh8 13. Qh6+ Nh7 14. Bxe6 fxe6
15. Qxe6 Rf6 16. Qg4 Rf7 17. Nd5 Qf8 18. Nc7 Rb8 19. Nh2 Qh6 20. c3 Ng5 21. Nd5
Rg8 22. Kh1 Bd8 23. f4 Nxe4 24. dxe4 Rxg4 25. Nxg4 Qh4 26. f5 Bg5 27. Rf3 Nd8
28. Raf1 Rh7 29. Kg1 Nf7 30. f6 Bf4 31. Ne7 Qh5 32. Rd3 c4 33. Rd5 Qg5 34. Rxf4
exf4 35. Rxg5 Nxg5 36. e5 dxe5 37. Nxe5 Rh5 38. N5g6+ Kh7 39. Nxf4 Rh4 40. Nfd5
Rh6 41. Kh2 Ne4 42. g4 Nxf6 43. Ne3 Ne4 44. Kg2 b5 45. N3f5 Ra6 46. a3 Nc5 47.
h4 Na4 48. g5 Nxb2 49. h5 Nd3 50. g6+ Kh8 51. Nd5 Re6 52. Kg3 Ne5 53. g7+ Kh7
54. Kf4 Nf7 55. Nde7 Rxe7 56. g8=Q+ Kxg8 57. Nxe7+ Kh7 58. Nc6 a6 59. Ke4 Kh6
60. Kd5 Kxh5 61. Kc5 Kg5 62. Nb8 Kf4 63. Nxa6 Ke5 64. Nc7 Kf6 65. Kxb5 Ke7 66.
Kb6 Nd6 67. a4 Kd7 68. a5 Nc8+ 69. Kb7 Nd6+ 70. Kb8 Ne4 71. a6 1-0

[Event "2nd League CS-West 2009"]
[Site "?"]
[Date "2009.10.09"]
[Round "7.5"]
[White "Avramovic, Zoran"]
[Black "Djakovac, Enes"]
[Result "0-1"]
[WhiteElo "2238"]
[BlackElo "2204"]
[PlyCount "58"]
[EventDate "2009.09.06"]

1. e4 e5 2. Nf3 Nc6 3. Bc4 d6 4. h3 Be7 5. Nc3 Nf6 6. d4 exd4 7. Nxd4 O-O 8.
Be3 Bd7 9. O-O Nxd4 10. Qxd4 Qc8 11. f4 Bxh3 12. gxh3 Qxh3 13. Kf2 Ng4+ 14. Ke2
Bf6 15. Qd3 Bxc3 16. bxc3 d5 17. Bf2 Qh5 18. Qxd5 Ne5+ 19. Ke1 Nf3+ 20. Ke2 Qg4
21. Ke3 Nh2 22. e5 Qh3+ 23. Ke2 Rad8 24. Qe4 Qh5+ 25. Ke3 Ng4+ 26. Kf3 Nf6+ 27.
Ke3 Nxe4 28. Kxe4 Qg6+ 29. Ke3 Qc6 0-1

[Event "2nd League CS-West 2009"]
[Site "?"]
[Date "2009.10.09"]
[Round "7.5"]
[White "Milosavljevic, Milisav"]
[Black "Mircic, Ivan"]
[Result "1/2-1/2"]
[WhiteElo "2196"]
[BlackElo "2242"]
[PlyCount "48"]
[EventDate "2009.09.06"]

1. c4 e6 2. Nf3 d5 3. g3 Nf6 4. Bg2 Be7 5. O-O O-O 6. d4 c5 7. cxd5 exd5 8. Nc3
Nc6 9. dxc5 d4 10. Na4 Bf5 11. Bf4 Be4 12. a3 Qd5 13. b4 Rfd8 14. Nb2 a5 15.
Na4 Nd7 16. Qd2 Qb3 17. Nb2 axb4 18. axb4 Rxa1 19. Rxa1 Qxb4 20. Qxb4 Nxb4 21.
e3 Bf6 22. Nc4 Nd5 23. Ra7 Nxf4 24. gxf4 Nxc5 1/2-1/2

[Event "2nd League CS-West 2009"]
[Site "?"]
[Date "2009.10.09"]
[Round "7.5"]
[White "Jocic, Miomir"]
[Black "Milosavljevic, Zoran"]
[Result "1/2-1/2"]
[WhiteElo "1968"]
[BlackElo "2219"]
[PlyCount "98"]
[EventDate "2009.09.06"]

1. c4 c5 2. Nc3 Nc6 3. Nf3 g6 4. g3 Bg7 5. Bg2 Nf6 6. O-O O-O 7. Rb1 d5 8. b3
d4 9. Na4 Qd6 10. Ba3 b6 11. Nxd4 Nxd4 12. Bxa8 Bf5 13. Bf3 Bxb1 14. Qxb1 Nxf3+
15. exf3 Qxd2 16. Rd1 Qe2 17. Kg2 Qe6 18. Nc3 Qc6 19. Qd3 Re8 20. Bc1 h6 21.
Nd5 Nh7 22. Qe4 Qd6 23. Be3 Nf8 24. f4 f5 25. Qf3 Qb8 26. Rd3 Kf7 27. Nc3 Bxc3
28. Rxc3 Rd8 29. h3 Qd6 30. Rc2 Qc7 31. g4 e6 32. Bc1 Rd4 33. Re2 Rd7 34. Rd2
Re7 35. Bb2 Qb7 36. Qxb7 Rxb7 37. f3 Nd7 38. Kf2 Ke7 39. Ke3 Rb8 40. Bg7 h5 41.
Bc3 Rg8 42. Rg2 Kf7 43. Rd2 Ke7 44. g5 Rc8 45. a3 Rc6 46. Be5 a6 47. Bc3 Ke8
48. Be5 Ke7 49. Bc3 Ke8 1/2-1/2

[Event "2nd League CS-West 2009"]
[Site "?"]
[Date "2009.10.09"]
[Round "7.5"]
[White "Ikic, Alija"]
[Black "Trpkovic, Miroljub"]
[Result "1-0"]
[WhiteElo "2139"]
[BlackElo "2029"]
[PlyCount "93"]
[EventDate "2009.09.06"]

1. Nf3 d5 2. c4 e6 3. g3 Nf6 4. Bg2 Nc6 5. O-O Be7 6. d3 O-O 7. Nc3 d4 8. Na4
e5 9. a3 a5 10. Bd2 Re8 11. Ne1 Bf8 12. e3 Bd7 13. Nc2 Qc8 14. b4 Bh3 15. b5
Bxg2 16. Kxg2 Nd8 17. e4 Qd7 18. f4 exf4 19. gxf4 g6 20. f5 Nh5 21. Qe1 Bg7 22.
Qf2 b6 23. Bc1 Nb7 24. Bb2 Rad8 25. Bc1 Nd6 26. fxg6 fxg6 27. Qh4 Nxc4 28. dxc4
d3 29. Ra2 d2 30. Ne3 dxc1=Q 31. Rxc1 Bf6 32. Qg4 Qd4 33. Nd5 Rxe4 34. Qf3 Nf4+
35. Nxf4 Rxf4 36. Qe2 Re4 37. Qf3 Re3 38. Qc6 Qg4+ 39. Kh1 Rd1+ 40. Rxd1 Qxd1+
41. Kg2 Qg4+ 42. Kf1 Qd1+ 43. Kg2 Qg4+ 44. Kf1 Rf3+ 45. Rf2 Qh3+ 46. Kg1 Bd4
47. Qd5+ 1-0

[Event "2nd League CS-West 2009"]
[Site "?"]
[Date "2009.10.09"]
[Round "7.6"]
[White "Ilic, Zoran"]
[Black "Mrsevic, Miroslav"]
[Result "0-1"]
[WhiteElo "2204"]
[BlackElo "2312"]
[PlyCount "68"]
[EventDate "2009.09.06"]

1. d4 f5 2. g3 Nf6 3. Bg2 g6 4. Nf3 Bg7 5. O-O O-O 6. c4 d6 7. Nc3 Qe8 8. b3 h6
9. Bb2 g5 10. Qd3 Na6 11. a3 e5 12. dxe5 dxe5 13. Qc2 e4 14. Nd4 Ng4 15. Nd5 c6
16. Ne3 h5 17. Rad1 Nc7 18. b4 Qg6 19. Nxg4 hxg4 20. f3 gxf3 21. exf3 exf3 22.
Rxf3 g4 23. Rf2 Qh5 24. Re1 Qh8 25. Rd2 Rf7 26. Qb3 Qh6 27. Rf2 Qh8 28. Rd2 Bd7
29. c5 Kf8 30. Ne2 Re7 31. Bxg7+ Qxg7 32. Red1 Be6 33. Qa4 Nb5 34. Rd8+ Rxd8
0-1

[Event "2nd League CS-West 2009"]
[Site "?"]
[Date "2009.10.09"]
[Round "7.6"]
[White "Rikalovic, Milan"]
[Black "Dumic, Marko"]
[Result "0-1"]
[WhiteElo "2058"]
[BlackElo "2230"]
[PlyCount "92"]
[EventDate "2009.09.06"]

1. e4 e6 2. Nf3 d5 3. exd5 exd5 4. d4 Bd6 5. Bd3 Ne7 6. O-O O-O 7. h3 Bf5 8.
Re1 Bxd3 9. Qxd3 Ng6 10. Nc3 c6 11. Bd2 Nd7 12. a3 Qc7 13. b3 Rfe8 14. a4 Ndf8
15. Ne2 Re7 16. c4 Rae8 17. Kf1 Qd7 18. Rac1 Bc7 19. c5 h6 20. b4 a6 21. Rb1
Nh7 22. b5 axb5 23. axb5 Nf6 24. bxc6 bxc6 25. Rb7 Qc8 26. Ra7 Ne4 27. Be3 f5
28. Bd2 Kh7 29. Ba5 Qb8 30. Rxc7 Rxc7 31. Bxc7 Qxc7 32. Rb1 Rb8 33. g3 Ne7 34.
Kg2 g5 35. Rxb8 Qxb8 36. Qc2 Kg7 37. Ne5 Qb4 38. f3 Qd2 39. Qxd2 Nxd2 40. Kf2
Nc4 41. Nd3 Kf6 42. Nb4 Ke6 43. Nxc6 Kd7 44. Ke1 Ng6 45. Nc1 f4 46. g4 Nh8 0-1